[Event "Mitropa Cup 34th"]
[Site "Mayrhofen"]
[Date "2015.06.18"]
[Round "5.1"]
[White "Bluebaum, Matthias"]
[Black "Ragger, Markus"]
[Result "0-1"]
[WhiteElo "2600"]
[BlackElo "2676"]
[PlyCount "112"]
[EventDate "2015.06.14"]
[EventType "team"]
[EventRounds "9"]
[EventCountry "AUT"]
[WhiteTeam "Germany"]
[BlackTeam "Austria"]
[WhiteTeamCountry "GER"]
[BlackTeamCountry "AUT"]

1. d4 Nf6 2. c4 g6 3. Nc3 d5 4. cxd5 Nxd5 5. Bd2 Nb6 6. e3 Bg7 7. f4 O-O 8. Nf3
Be6 9. Be2 N8d7 10. e4 Bg4 11. Bc1 e6 12. O-O c5 13. dxc5 Nxc5 14. Be3 Rc8 15.
e5 Qe7 16. Nd4 Nc4 17. Bc1 Bxe2 18. Qxe2 Nd7 19. Ne4 f6 20. Nd6 Nxd6 21. exd6
Qxd6 22. Qxe6+ Qxe6 23. Nxe6 Rfe8 24. f5 gxf5 25. Nd4 Bf8 26. Kh1 Ne5 27. Bd2
Nc4 28. Bc3 Ne3 29. Rf3 Nd5 30. Nxf5 Nxc3 31. bxc3 Re2 32. Ng3 Re5 33. Rd1 Kf7
34. h3 Rce8 35. Rd7+ R8e7 36. Rd6 R5e6 37. Rdd3 Ra6 38. Rf2 Re1+ 39. Kh2 Bc5
40. Rb2 Bg1+ 41. Kh1 Bd4+ 42. Kh2 Be5 43. Rxb7+ Ke6 44. Rxh7 Rxa2 45. Rdd7 f5
46. Rde7+ Kd6 47. Rxa7 Re3 48. Rag7 Ree2 49. Rg6+ Kc5 50. Rf7 Rxg2+ 51. Kh1
Rh2+ 52. Kg1 Rag2+ 53. Kf1 Rf2+ 54. Kg1 Rhg2+ 55. Kh1 Rxg3 56. Rxg3 Bxg3 0-1

[Event "Mitropa Cup 34th"]
[Site "Mayrhofen"]
[Date "2015.06.18"]
[Round "5.2"]
[White "Shengelia, David"]
[Black "Wagner, Dennis"]
[Result "1/2-1/2"]
[WhiteElo "2573"]
[BlackElo "2569"]
[PlyCount "103"]
[EventDate "2015.06.14"]
[EventType "team"]
[EventRounds "9"]
[EventCountry "AUT"]
[WhiteTeam "Austria"]
[BlackTeam "Germany"]
[WhiteTeamCountry "AUT"]
[BlackTeamCountry "GER"]

1. d4 Nf6 2. Nf3 g6 3. Bg5 Bg7 4. Nbd2 O-O 5. c3 d6 6. e3 Nbd7 7. Bd3 c5 8. O-O
b6 9. Re1 Bb7 10. e4 h6 11. Bh4 g5 12. Bg3 Nh5 13. d5 Nxg3 14. hxg3 Nf6 15. Nc4
Qd7 16. Ne3 e6 17. Bc2 Rae8 18. Qd3 b5 19. a4 c4 20. Qd2 a6 21. axb5 axb5 22.
Rad1 exd5 23. exd5 Ne4 24. Qc1 f5 25. Nd4 f4 26. gxf4 gxf4 27. Nef5 Bxd5 28.
Qxf4 Bxd4 29. Rxd4 Qxf5 30. Qxf5 Rxf5 31. f3 Rfe5 32. Bxe4 Bxe4 33. Rexe4 Rxe4
34. fxe4 Kf7 35. Rxd6 Rxe4 36. Rd5 b4 37. cxb4 Re2 38. Rc5 Rxb2 39. Rxc4 Kg6
40. Kh2 Rb3 41. g3 Rb2+ 42. Kh3 h5 43. Rc6+ Kg5 44. Rc5+ Kh6 45. Rb5 Kg6 46.
Rb8 Kg5 47. b5 Kf5 48. b6 Kg6 49. b7 Kg7 50. Kh4 Rb5 51. g4 hxg4 52. Kxg4
1/2-1/2

[Event "Mitropa Cup 34th"]
[Site "Mayrhofen"]
[Date "2015.06.18"]
[Round "5.3"]
[White "Heimann, Andreas"]
[Black "Kreisl, Robert"]
[Result "1/2-1/2"]
[WhiteElo "2551"]
[BlackElo "2441"]
[PlyCount "83"]
[EventDate "2015.06.14"]
[EventType "team"]
[EventRounds "9"]
[EventCountry "AUT"]
[WhiteTeam "Germany"]
[BlackTeam "Austria"]
[WhiteTeamCountry "GER"]
[BlackTeamCountry "AUT"]

1. e4 c6 2. d4 d5 3. e5 c5 4. dxc5 e6 5. a3 Nc6 6. Nf3 Bxc5 7. b4 Bb6 8. Bd3
Nge7 9. O-O Ng6 10. Bb2 O-O 11. Re1 f6 12. exf6 gxf6 13. c4 Nf4 14. Bf1 dxc4
15. Qxd8 Rxd8 16. Nbd2 e5 17. Nxc4 Bg4 18. Nxb6 axb6 19. Re3 Bxf3 20. Rxf3 Nd4
21. Bxd4 Rxd4 22. Rc1 Rad8 23. g3 Nd5 24. Rd3 Rxd3 25. Bxd3 Ne7 26. Rc7 Rxd3
27. Rxe7 Rxa3 28. Rxb7 Rb3 29. Rxb6 Kg7 30. Rb7+ Kg6 31. b5 h5 32. Kg2 h4 33.
gxh4 e4 34. b6 f5 35. Rb8 Kg7 36. Kf1 Rb2 37. Ke1 f4 38. Re8 e3 39. fxe3 fxe3
40. Re6 e2 41. h5 Kh7 42. Rxe2 1/2-1/2

[Event "Mitropa Cup 34th"]
[Site "Mayrhofen"]
[Date "2015.06.18"]
[Round "5.4"]
[White "Schachinger, Mario"]
[Black "Paehtz, Elisabeth"]
[Result "1-0"]
[WhiteElo "2416"]
[BlackElo "2458"]
[PlyCount "87"]
[EventDate "2015.06.14"]
[EventType "team"]
[EventRounds "9"]
[EventCountry "AUT"]
[WhiteTeam "Austria"]
[BlackTeam "Germany"]
[WhiteTeamCountry "AUT"]
[BlackTeamCountry "GER"]

1. d4 d5 2. c4 c6 3. Nf3 Nf6 4. Nc3 a6 5. e3 e6 6. b3 Bb4 7. Bd2 Nbd7 8. Be2
O-O 9. O-O Qe7 10. Qc2 dxc4 11. bxc4 e5 12. c5 Bxc3 13. Bxc3 Nd5 14. Rac1 e4
15. Nd2 f5 16. Nc4 N7f6 17. Bd2 g5 18. f3 Be6 19. Nd6 Bd7 20. Rce1 b5 21. Qb1
Nc7 22. Bd1 Nce8 23. fxe4 Nxe4 24. Nxe4 fxe4 25. Bb3+ Kg7 26. Rxf8 Kxf8 27.
Rf1+ Kg7 28. Rf7+ Qxf7 29. Bxf7 Kxf7 30. Qxe4 Nf6 31. Qf3 Re8 32. d5 Re5 33.
dxc6 Bg4 34. Qf2 Rf5 35. Qg3 Rxc5 36. h3 Bf5 37. Qc7+ Kg6 38. Qd6 Rd5 39. Qb4
h5 40. c7 h4 41. e4 Nxe4 42. Qxe4 Bxe4 43. c8=Q Bxg2 44. Qc2+ 1-0

[Event "Mitropa Cup 34th"]
[Site "Mayrhofen"]
[Date "2015.06.19"]
[Round "6.1"]
[White "Pelletier, Yannick"]
[Black "Ragger, Markus"]
[Result "1-0"]
[WhiteElo "2563"]
[BlackElo "2676"]
[PlyCount "125"]
[EventDate "2015.06.14"]
[EventType "team"]
[EventRounds "9"]
[EventCountry "AUT"]
[WhiteTeam "Switzerland"]
[BlackTeam "Austria"]
[WhiteTeamCountry "SUI"]
[BlackTeamCountry "AUT"]

1. c4 c5 2. Nf3 Nc6 3. d4 cxd4 4. Nxd4 Nf6 5. Nc3 e6 6. Ndb5 d5 7. Bf4 e5 8.
cxd5 exf4 9. dxc6 bxc6 10. Qxd8+ Kxd8 11. Nd4 Bb7 12. g3 c5 13. Nf3 Bd6 14. Nb5
Bb8 15. Bg2 Ke7 16. Rc1 a6 17. Nc3 Bd6 18. O-O Rab8 19. b3 Rhd8 20. Rfd1 a5 21.
Nd2 Ba6 22. Bf1 Rb4 23. e3 Bxf1 24. Nxf1 fxg3 25. hxg3 h5 26. Nd2 h4 27. gxh4
Rxh4 28. Nc4 Rh5 29. Kf1 Bc7 30. Ke2 Ra8 31. Rh1 Rf5 32. Rcg1 g6 33. e4 Rh5 34.
Rxh5 gxh5 35. e5 Ne8 36. Rg8 Ke6 37. f4 Rb8 38. Ne4 f6 39. Nxc5+ Kf7 40. Rh8
fxe5 41. Na6 Kg7 42. Rxh5 Rd8 43. Nxc7 Nxc7 44. Rxe5 Nd5 45. Kf3 Kf6 46. Ne3
Nc3 47. Rxa5 Rd3 48. Ra6+ Kg7 49. f5 Kf7 50. b4 Rd2 51. a4 Rd4 52. b5 Nxa4 53.
b6 Nc5 54. Ra7+ Ke8 55. b7 Rd8 56. Nc4 Nd7 57. Ra8 Rb8 58. Rxb8+ Nxb8 59. Ne5
Ke7 60. Ke4 Kf6 61. Kf4 Ke7 62. Kg5 Kd6 63. f6 1-0

[Event "Mitropa Cup 34th"]
[Site "Mayrhofen"]
[Date "2015.06.19"]
[Round "6.2"]
[White "Shengelia, David"]
[Black "Loetscher, Roland"]
[Result "1-0"]
[WhiteElo "2573"]
[BlackElo "2449"]
[PlyCount "105"]
[EventDate "2015.06.14"]
[EventType "team"]
[EventRounds "9"]
[EventCountry "AUT"]
[WhiteTeam "Austria"]
[BlackTeam "Switzerland"]
[WhiteTeamCountry "AUT"]
[BlackTeamCountry "SUI"]

1. Nf3 d5 2. c4 c6 3. e3 Nf6 4. Nc3 g6 5. d4 Bg7 6. Be2 O-O 7. O-O Ne4 8. Qc2
Bf5 9. Qb3 Qd7 10. Rd1 Rd8 11. Ne5 Qc7 12. cxd5 Nxc3 13. Qxc3 Rxd5 14. e4 Bxe4
15. Bf4 f6 16. Nxg6 e5 17. dxe5 hxg6 18. Bc4 Qf7 19. Re1 Bf5 20. g4 Bxg4 21.
exf6 Nd7 22. fxg7 Qxf4 23. Re3 Nf6 24. Rae1 Kxg7 25. Re7+ Kh6 26. Bxd5 cxd5 27.
Qg3 Qxg3+ 28. hxg3 d4 29. Kg2 g5 30. f3 Bf5 31. g4 Bc2 32. R1e6 Kg6 33. Rd6 d3
34. Rxb7 Re8 35. Rxa7 Re2+ 36. Kf1 Re3 37. Kf2 Re2+ 38. Kf1 Re3 39. a4 Rxf3+
40. Ke1 Rf4 41. a5 Rxg4 42. a6 d2+ 43. Kxd2 Be4 44. Re7 Bd5 45. Re5 Bh1 46. Re1
Bf3 47. Rf1 Rg2+ 48. Kc1 g4 49. a7 Be4 50. Rdxf6+ Kg5 51. R6f5+ Kh4 52. R5f2
Kh3 53. Rxg2 1-0

[Event "Mitropa Cup 34th"]
[Site "Mayrhofen"]
[Date "2015.06.19"]
[Round "6.3"]
[White "Gallagher, Joseph G"]
[Black "Kreisl, Robert"]
[Result "1/2-1/2"]
[WhiteElo "2476"]
[BlackElo "2441"]
[PlyCount "104"]
[EventDate "2015.06.14"]
[EventType "team"]
[EventRounds "9"]
[EventCountry "AUT"]
[WhiteTeam "Switzerland"]
[BlackTeam "Austria"]
[WhiteTeamCountry "SUI"]
[BlackTeamCountry "AUT"]

1. e4 c6 2. d4 d5 3. Nc3 dxe4 4. Nxe4 Bf5 5. Ng3 Bg6 6. Nh3 e6 7. Nf4 Bd6 8. h4
Qc7 9. Nxg6 hxg6 10. Ne4 Bf4 11. Qf3 Bxc1 12. Rxc1 Nd7 13. Bc4 Ngf6 14. Ng5
Qa5+ 15. c3 Nb6 16. Bb3 Qf5 17. g3 Qxf3 18. Nxf3 a5 19. a3 a4 20. Ba2 Ke7 21.
O-O Rhd8 22. Rfe1 Rac8 23. Re2 c5 24. Rce1 Rd6 25. Re5 Nbd7 26. R5e3 Nb6 27.
Re5 Nbd7 28. R5e3 Nb6 29. dxc5 Rxc5 30. Ne5 Rb5 31. R3e2 Nfd7 32. Nf3 Rc5 33.
Re4 Rb5 34. Rb4 Rxb4 35. axb4 Rd3 36. Kg2 Nf6 37. Bb1 Rd8 38. Bc2 Nfd5 39. Ra1
Ra8 40. Ne5 a3 41. Rxa3 Rxa3 42. bxa3 Nxc3 43. Bd3 Nd7 44. Nc4 b5 45. Nd2 Ne5
46. Bf1 Kd6 47. f4 Ng4 48. Bd3 Kd5 49. Kf3 Nh2+ 50. Kg2 Ng4 51. Kf3 Nh2+ 52.
Kg2 Ng4 1/2-1/2

[Event "Mitropa Cup 34th"]
[Site "Mayrhofen"]
[Date "2015.06.19"]
[Round "6.4"]
[White "Schachinger, Mario"]
[Black "Sermier, Guillaume"]
[Result "1-0"]
[WhiteElo "2416"]
[BlackElo "2414"]
[PlyCount "209"]
[EventDate "2015.06.14"]
[EventType "team"]
[EventRounds "9"]
[EventCountry "AUT"]
[WhiteTeam "Austria"]
[BlackTeam "Switzerland"]
[WhiteTeamCountry "AUT"]
[BlackTeamCountry "SUI"]

1. d4 d5 2. c4 Nc6 3. Bf4 dxc4 4. e3 e5 5. Bxe5 Nxe5 6. dxe5 Qxd1+ 7. Kxd1 Be6
8. Nf3 O-O-O+ 9. Kc1 Bb4 10. a3 Ba5 11. Nfd2 Bxd2+ 12. Nxd2 Rd5 13. f4 Ne7 14.
Be2 Rhd8 15. Rd1 Nf5 16. Nf1 Rxd1+ 17. Bxd1 g6 18. Bf3 h5 19. Kc2 c5 20. a4 Rd3
21. Ra3 Rxa3 22. bxa3 Kc7 23. Kc3 Kb6 24. Be4 Ka5 25. Bxb7 Kxa4 26. Ba6 Kxa3
27. Bxc4 a5 28. Bd3 Ne7 29. e4 Nc6 30. Ne3 Nb4 31. f5 gxf5 32. exf5 Ba2 33. e6
fxe6 34. f6 Nd5+ 35. Nxd5 exd5 36. Bc4 d4+ 37. Kd3 Bb1+ 38. Kd2 Bg6 39. f7 Bxf7
40. Bxf7 Kb2 41. Bxh5 a4 42. Bf7 a3 43. h4 a2 44. Bxa2 Kxa2 45. h5 c4 46. Kc2
d3+ 47. Kc3 d2 48. Kxd2 Kb2 49. h6 c3+ 50. Kd3 c2 51. h7 c1=Q 52. h8=Q+ Kb3 53.
Qg8+ Kb4 54. Qf8+ Kb5 55. Qe8+ Ka6 56. Qa4+ Kb7 57. Qb4+ Ka8 58. Qe4+ Kb8 59.
Qe5+ Kb7 60. Qd5+ Kb8 61. Qb3+ Ka8 62. Ke2 Qg5 63. g3 Qe5+ 64. Kf3 Qh5+ 65. Ke3
Qg5+ 66. Ke2 Qe5+ 67. Qe3 Qb2+ 68. Kf3 Qf6+ 69. Qf4 Qc3+ 70. Kg2 Qc2+ 71. Qf2
Qg6 72. Qd4 Kb7 73. g4 Kc6 74. Kg3 Qg5 75. Kf3 Qh4 76. Kf4 Qh6+ 77. Kf5 Qh7+
78. Kg5 Qg8+ 79. Kh6 Qe6+ 80. Kh7 Qf7+ 81. Qg7 Qf3 82. g5 Qg4 83. Qe7 Kb5 84.
g6 Ka4 85. Qe8+ Ka3 86. Qf8+ Kb2 87. Qf6+ Ka2 88. g7 Qh5+ 89. Kg8 Qe8+ 90. Qf8
Qe4 91. Qf7+ Kb1 92. Qf1+ Kb2 93. Qf2+ Kb1 94. Qg1+ Kb2 95. Qh2+ Ka1 96. Kh8
Qd4 97. Qh1+ Kb2 98. Qg2+ Kb1 99. Kh7 Qd7 100. Qf1+ Kb2 101. Qe2+ Kb1 102. Qe4+
Ka2 103. Qc2+ Ka1 104. Qc3+ Ka2 105. Kh8 1-0

[Event "Mitropa Cup 34th"]
[Site "Mayrhofen"]
[Date "2015.06.19"]
[Round "6.1"]
[White "Borisek, Jure"]
[Black "Bluebaum, Matthias"]
[Result "1/2-1/2"]
[WhiteElo "2571"]
[BlackElo "2600"]
[PlyCount "91"]
[EventDate "2015.06.14"]
[EventType "team"]
[EventRounds "9"]
[EventCountry "AUT"]
[WhiteTeam "Slovenia"]
[BlackTeam "Germany"]
[WhiteTeamCountry "SLO"]
[BlackTeamCountry "GER"]

1. e4 e6 2. d4 d5 3. Nd2 c5 4. exd5 Qxd5 5. Ngf3 cxd4 6. Bc4 Qd7 7. O-O Nc6 8.
Nb3 a6 9. Nbxd4 Nxd4 10. Qxd4 Qxd4 11. Nxd4 Nf6 12. Bf4 b5 13. Bb3 Bc5 14. Rad1
Bb7 15. Rfe1 O-O 16. Be5 Rfd8 17. c3 Ng4 18. Bg3 Bxd4 19. Rxd4 Rxd4 20. cxd4
Rc8 21. Bf4 Rd8 22. Be3 Nxe3 23. fxe3 Rc8 24. Kf2 Be4 25. g3 a5 26. Ra1 Kf8 27.
Ke2 Ke7 28. Kd2 Kd6 29. Bd1 e5 30. dxe5+ Kxe5 31. Rc1 Rxc1 32. Kxc1 Bd5 33. a3
Ke4 34. Kd2 b4 35. axb4 axb4 36. Ke2 b3 37. Kd2 f5 38. Be2 g6 39. Bd1 Be6 40.
Be2 g5 41. Bd1 Bc4 42. Kc3 Be6 43. Kd2 Bc4 44. Kc3 Be6 45. Kd2 Bc4 46. Kc3
1/2-1/2

[Event "Mitropa Cup 34th"]
[Site "Mayrhofen"]
[Date "2015.06.19"]
[Round "6.2"]
[White "Wagner, Dennis"]
[Black "Sebenik, Matej"]
[Result "0-1"]
[WhiteElo "2569"]
[BlackElo "2512"]
[PlyCount "94"]
[EventDate "2015.06.14"]
[EventType "team"]
[EventRounds "9"]
[EventCountry "AUT"]
[WhiteTeam "Germany"]
[BlackTeam "Slovenia"]
[WhiteTeamCountry "GER"]
[BlackTeamCountry "SLO"]

1. d4 Nf6 2. c4 e6 3. Nf3 b6 4. g3 Bb7 5. Bg2 Be7 6. O-O O-O 7. Re1 c5 8. d5
exd5 9. Nh4 Ne4 10. cxd5 Bxh4 11. Bxe4 Bf6 12. Qc2 h6 13. Nc3 d6 14. Bf4 Qe7
15. Bg2 Nd7 16. Rad1 Rfe8 17. Ne4 Be5 18. Bc1 Nf6 19. Nc3 g5 20. e4 Ba6 21. Ne2
Nh5 22. Bh3 Qf6 23. Qa4 Bxe2 24. Rxe2 Bd4 25. Qc2 Re7 26. Rf1 Rae8 27. Kh1 Qg6
28. Bf5 Qxf5 29. exf5 Rxe2 30. Qd3 R2e4 31. Qa6 Nf6 32. Qxa7 Re2 33. Be3 Bxe3
34. fxe3 R8xe3 35. Qb8+ Kg7 36. Qxd6 Rxb2 37. g4 Nxg4 38. f6+ Kg6 39. Qb8 Kh5
40. Kg1 Rxh2 41. Rd1 Kh4 42. a4 Ree2 43. Qxh2+ Nxh2 44. d6 Kg3 45. Rd3+ Nf3+
46. Rxf3+ Kxf3 47. d7 Rd2 0-1

[Event "Mitropa Cup 34th"]
[Site "Mayrhofen"]
[Date "2015.06.19"]
[Round "6.3"]
[White "Markoja, Boris"]
[Black "Heimann, Andreas"]
[Result "0-1"]
[WhiteElo "2372"]
[BlackElo "2551"]
[PlyCount "74"]
[EventDate "2015.06.14"]
[EventType "team"]
[EventRounds "9"]
[EventCountry "AUT"]
[WhiteTeam "Slovenia"]
[BlackTeam "Germany"]
[WhiteTeamCountry "SLO"]
[BlackTeamCountry "GER"]

1. c4 c5 2. Nf3 Nf6 3. Nc3 d5 4. cxd5 Nxd5 5. e4 Nb4 6. Bc4 Nd3+ 7. Ke2 Nf4+ 8.
Kf1 Nd3 9. Ke2 Nf4+ 10. Kf1 Ne6 11. b4 cxb4 12. Ne2 Nc5 13. Qc2 e6 14. d4 Ncd7
15. Bf4 Nb6 16. Bd3 Bd6 17. Bxd6 Qxd6 18. h4 Bd7 19. Rh3 Nc6 20. Rg3 g6 21. e5
Qe7 22. Ng5 O-O-O 23. Ne4 Kb8 24. Qb2 Nd5 25. a3 f6 26. axb4 fxe5 27. b5 Nxd4
28. Nxd4 exd4 29. Qxd4 b6 30. Qe5+ Ka8 31. Bc4 Qb4 32. Bxd5+ exd5 33. Qxd5+ Kb8
34. Qe5+ Ka8 35. Nd6 Qxd6 36. Qe4+ Kb8 37. Qa4 a5 0-1

[Event "Mitropa Cup 34th"]
[Site "Mayrhofen"]
[Date "2015.06.19"]
[Round "6.4"]
[White "Paehtz, Elisabeth"]
[Black "Spalir, Jernej"]
[Result "0-1"]
[WhiteElo "2458"]
[BlackElo "2361"]
[PlyCount "78"]
[EventDate "2015.06.14"]
[EventType "team"]
[EventRounds "9"]
[EventCountry "AUT"]
[WhiteTeam "Germany"]
[BlackTeam "Slovenia"]
[WhiteTeamCountry "GER"]
[BlackTeamCountry "SLO"]

1. e4 e5 2. Nf3 Nc6 3. Bb5 a6 4. Ba4 Nge7 5. O-O g6 6. c3 Bg7 7. d4 exd4 8.
cxd4 b5 9. Bb3 d6 10. h3 O-O 11. Nc3 Na5 12. Bc2 c5 13. dxc5 dxc5 14. Qxd8 Rxd8
15. Bg5 Re8 16. Rad1 Be6 17. Nd5 Nxd5 18. exd5 Bd7 19. b3 c4 20. Rfe1 Bc3 21.
Re3 b4 22. Nd2 Rac8 23. Rxe8+ Bxe8 24. Ne4 cxb3 25. axb3 Be5 26. Bd3 Nxb3 27.
Bxa6 Ra8 28. Bc4 Na5 29. Bd3 Nb7 30. Nf6+ Kg7 31. Nxe8+ Rxe8 32. Bb5 Rb8 33.
Rb1 Nd6 34. Ba4 Ne4 35. Bc1 Nc3 36. Bb2 Rd8 37. Bxc3 bxc3 38. Bb3 Rb8 39. Kf1
Rxb3 0-1

[Event "Mitropa Cup 34th"]
[Site "Mayrhofen"]
[Date "2015.06.19"]
[Round "6.1"]
[White "Babula, Vlastimil"]
[Black "Gledura, Benjamin"]
[Result "1/2-1/2"]
[WhiteElo "2552"]
[BlackElo "2486"]
[PlyCount "83"]
[EventDate "2015.06.14"]
[EventType "team"]
[EventRounds "9"]
[EventCountry "AUT"]
[WhiteTeam "Czech Republic"]
[BlackTeam "Hungary"]
[WhiteTeamCountry "CZE"]
[BlackTeamCountry "HUN"]

1. d4 Nf6 2. c4 g6 3. Nc3 d5 4. Nf3 Bg7 5. Qb3 dxc4 6. Qxc4 O-O 7. e4 a6 8. Be2
b5 9. Qb3 c5 10. dxc5 Be6 11. Qc2 Nbd7 12. Be3 Rc8 13. Rd1 b4 14. Nd5 Bxd5 15.
exd5 Nxc5 16. O-O Nce4 17. Qd3 Qd6 18. g3 Rfd8 19. Bf4 Qb6 20. Qxa6 Qxa6 21.
Bxa6 Rc2 22. Rb1 Rc5 23. Be3 Rcxd5 24. Rfc1 Nd6 25. Bc4 Rh5 26. Be2 Nfe4 27. g4
Rd5 28. Bc4 Nxc4 29. Rxc4 b3 30. axb3 Nd6 31. Rc7 e6 32. b4 Nb5 33. Rc5 Bf8 34.
Rxd5 Rxd5 35. Rc1 Bxb4 36. Bh6 Rd8 37. Ne5 Bd6 38. Bg5 Ra8 39. Bf6 Nc7 40. Rc6
Ne8 41. Nd7 Nxf6 42. Nxf6+ 1/2-1/2

[Event "Mitropa Cup 34th"]
[Site "Mayrhofen"]
[Date "2015.06.19"]
[Round "6.2"]
[White "Havasi, Gergo"]
[Black "Kriebel, Tadeas"]
[Result "1/2-1/2"]
[WhiteElo "2355"]
[BlackElo "2459"]
[PlyCount "74"]
[EventDate "2015.06.14"]
[EventType "team"]
[EventRounds "9"]
[EventCountry "AUT"]
[WhiteTeam "Hungary"]
[BlackTeam "Czech Republic"]
[WhiteTeamCountry "HUN"]
[BlackTeamCountry "CZE"]

1. e4 e5 2. Nf3 Nc6 3. Bb5 a6 4. Ba4 Nf6 5. O-O Be7 6. d3 d6 7. c3 O-O 8. Re1
b5 9. Bc2 d5 10. Nbd2 d4 11. cxd4 exd4 12. Nb3 Bg4 13. h3 Bxf3 14. Qxf3 Nb4 15.
Bd1 c5 16. a3 Nc6 17. e5 Nd5 18. Qe4 Rc8 19. Bg4 Rc7 20. Bd2 Re8 21. e6 f5 22.
Bxf5 Nf6 23. Qf3 Rc8 24. Rac1 Qb6 25. Qg3 Rf8 26. Bh6 Ne8 27. Be4 Bd6 28. Qg4
Ne5 29. Bxh7+ Kxh7 30. Rxe5 Bxe5 31. e7 Rxf2 32. Qxc8 Qxh6 33. Kxf2 Qe3+ 34.
Kf1 Qxd3+ 35. Kg1 Qe3+ 36. Kf1 Qd3+ 37. Kg1 Qe3+ 1/2-1/2

[Event "Mitropa Cup 34th"]
[Site "Mayrhofen"]
[Date "2015.06.19"]
[Round "6.3"]
[White "Kociscak, Jiri"]
[Black "Korpa, Bence"]
[Result "1-0"]
[WhiteElo "2474"]
[BlackElo "2432"]
[PlyCount "113"]
[EventDate "2015.06.14"]
[EventType "team"]
[EventRounds "9"]
[EventCountry "AUT"]
[WhiteTeam "Czech Republic"]
[BlackTeam "Hungary"]
[WhiteTeamCountry "CZE"]
[BlackTeamCountry "HUN"]

1. d4 Nf6 2. c4 e6 3. Nf3 d5 4. g3 Bb4+ 5. Bd2 Be7 6. Bg2 O-O 7. O-O Nbd7 8.
Qc2 c6 9. Rd1 a5 10. Bf4 Nh5 11. Bc1 b5 12. Ne5 Bb7 13. Nxd7 Qxd7 14. c5 f5 15.
Nd2 Bd8 16. Nf3 Bc7 17. Ne5 Qe7 18. a3 Nf6 19. Bg5 Qe8 20. Bf4 h6 21. Nd3 Bxf4
22. Nxf4 Nd7 23. Qc3 g5 24. Nd3 Qd8 25. f3 Qc7 26. e4 Rae8 27. Re1 Ba6 28. exd5
exd5 29. Rxe8 Rxe8 30. Re1 Nf6 31. Bh3 Bc8 32. Rxe8+ Nxe8 33. Qe1 Ng7 34. Ne5
Ne6 35. Qe3 Ng7 36. Bf1 Ne6 37. Bh3 Ng7 38. Qd3 Be6 39. g4 Qc8 40. gxf5 Bxf5
41. Bxf5 Qxf5 42. Qxf5 Nxf5 43. Nxc6 Kf7 44. Na7 Nxd4 45. c6 Ne6 46. Nxb5 Ke7
47. b4 axb4 48. axb4 Nf4 49. Nd4 Kd6 50. b5 Kc7 51. Kf2 Kb6 52. Kg3 Ng6 53. Kg4
Ne7 54. Kh5 Kc5 55. c7 Nc8 56. Nf5 d4 57. Nxd4 1-0

[Event "Mitropa Cup 34th"]
[Site "Mayrhofen"]
[Date "2015.06.19"]
[Round "6.4"]
[White "Kozak, Adam"]
[Black "Rojicek, Vojtech"]
[Result "1/2-1/2"]
[WhiteElo "2340"]
[BlackElo "2414"]
[PlyCount "81"]
[EventDate "2015.06.14"]
[EventType "team"]
[EventRounds "9"]
[EventCountry "AUT"]
[WhiteTeam "Hungary"]
[BlackTeam "Czech Republic"]
[WhiteTeamCountry "HUN"]
[BlackTeamCountry "CZE"]

1. d4 Nf6 2. c4 e6 3. Nc3 Bb4 4. e3 O-O 5. Bd3 d5 6. Nf3 c5 7. O-O Nc6 8. a3
Bxc3 9. bxc3 dxc4 10. Bxc4 Qc7 11. Be2 e5 12. d5 e4 13. dxc6 Ng4 14. g3 exf3
15. Bxf3 Ne5 16. Bg2 Nxc6 17. e4 Be6 18. Qa4 Qa5 19. Qxa5 Nxa5 20. Bg5 f6 21.
Bf4 Nc4 22. Rfe1 Ne5 23. a4 Rad8 24. Be3 b6 25. a5 Nc4 26. axb6 Nxe3 27. Rxe3
axb6 28. Rb1 Ba2 29. Ra1 Bf7 30. Rb1 Ba2 31. Ra1 Bf7 32. Rb1 Rd6 33. f4 Rfd8
34. e5 fxe5 35. fxe5 Rd1+ 36. Re1 Rxe1+ 37. Rxe1 Be6 38. Rb1 Rb8 39. Bc6 Bc4
40. Kf2 b5 41. Ke3 1/2-1/2

[Event "Mitropa Cup 34th"]
[Site "Mayrhofen"]
[Date "2015.06.19"]
[Round "6.1"]
[White "Saric, Ante"]
[Black "Michalik, Peter"]
[Result "1/2-1/2"]
[WhiteElo "2580"]
[BlackElo "2546"]
[PlyCount "83"]
[EventDate "2015.06.14"]
[EventType "team"]
[EventRounds "9"]
[EventCountry "AUT"]
[WhiteTeam "Croatia"]
[BlackTeam "Slovakia"]
[WhiteTeamCountry "CRO"]
[BlackTeamCountry "SVK"]

1. d4 d5 2. c4 c6 3. Nf3 Nf6 4. Qb3 e6 5. Bf4 Nbd7 6. e3 Be7 7. h3 O-O 8. Nc3
a6 9. a4 c5 10. cxd5 Nxd5 11. Nxd5 exd5 12. Be2 cxd4 13. Nxd4 Nc5 14. Qa2 Qa5+
15. Kf1 Ne6 16. Be5 Nxd4 17. Bxd4 Bf5 18. Qb3 Bb4 19. Bf3 Be4 20. Bxe4 dxe4 21.
g3 Bd6 22. Kg2 Qf5 23. Qd1 Be5 24. Bxe5 Qxe5 25. Qb3 Qe7 26. Rhd1 Rfd8 27. Rac1
h6 28. Qb6 Rxd1 29. Rxd1 Rc8 30. Qd6 Qxd6 31. Rxd6 Rc4 32. Rb6 Rxa4 33. Rxb7 h5
34. g4 hxg4 35. hxg4 g5 36. Rb6 Kg7 37. Kf1 Ra1+ 38. Kg2 Ra4 39. b3 Ra3 40. Rb4
Kg6 41. Rb6+ f6 42. Kg3 1/2-1/2

[Event "Mitropa Cup 34th"]
[Site "Mayrhofen"]
[Date "2015.06.19"]
[Round "6.2"]
[White "Jurcik, Marian"]
[Black "Bosiocic, Marin"]
[Result "1/2-1/2"]
[WhiteElo "2487"]
[BlackElo "2558"]
[PlyCount "68"]
[EventDate "2015.06.14"]
[EventType "team"]
[EventRounds "9"]
[EventCountry "AUT"]
[WhiteTeam "Slovakia"]
[BlackTeam "Croatia"]
[WhiteTeamCountry "SVK"]
[BlackTeamCountry "CRO"]

1. e4 c5 2. Nf3 e6 3. d4 cxd4 4. Nxd4 Nc6 5. Nb5 d6 6. c4 Nf6 7. N5c3 Be7 8.
Be2 O-O 9. O-O b6 10. Bf4 Bb7 11. Re1 Ne5 12. Bf1 h5 13. h3 h4 14. Nd2 Rc8 15.
Bh2 a6 16. Qe2 g5 17. Nf3 Nfd7 18. Nxe5 Nxe5 19. Qh5 Kg7 20. Rad1 Qc7 21. Rd2
Rh8 22. Qd1 Rhd8 23. f4 gxf4 24. Bxf4 Ng6 25. Be3 Bc6 26. Qf3 Ne5 27. Qf4 Rh8
28. Rf2 Rh7 29. Bd4 Kg8 30. Qd2 Rg7 31. Be3 Qb7 32. a4 a5 33. Bf4 Kh8 34. Kh1
Rcg8 1/2-1/2

[Event "Mitropa Cup 34th"]
[Site "Mayrhofen"]
[Date "2015.06.19"]
[Round "6.3"]
[White "Jovanovic, Zoran"]
[Black "Repka, Christopher"]
[Result "1/2-1/2"]
[WhiteElo "2520"]
[BlackElo "2414"]
[PlyCount "60"]
[EventDate "2015.06.14"]
[EventType "team"]
[EventRounds "9"]
[EventCountry "AUT"]
[WhiteTeam "Croatia"]
[BlackTeam "Slovakia"]
[WhiteTeamCountry "CRO"]
[BlackTeamCountry "SVK"]

1. e4 e6 2. d4 d5 3. Nc3 Nf6 4. Bg5 Be7 5. e5 Nfd7 6. Bxe7 Qxe7 7. f4 a6 8. Qg4
O-O 9. Bd3 c5 10. Nf3 f5 11. exf6 Nxf6 12. Qh4 Nc6 13. dxc5 Qxc5 14. O-O-O Nb4
15. Rhe1 Bd7 16. Ne5 Bb5 17. Qh3 Rfe8 18. Kb1 Bxd3 19. Nxd3 Nxd3 20. Qxd3 Rac8
21. Qd4 Qc6 22. g4 Ne4 23. Nxe4 Qxc2+ 24. Ka1 dxe4 25. Qxe4 Qxe4 26. Rxe4 Red8
27. Rde1 Rd6 28. Kb1 Kf7 29. a3 Rcc6 30. R1e2 Kf6 1/2-1/2

[Event "Mitropa Cup 34th"]
[Site "Mayrhofen"]
[Date "2015.06.19"]
[Round "6.4"]
[White "Druska, Juraj"]
[Black "Srbis, Jurica"]
[Result "0-1"]
[WhiteElo "2433"]
[BlackElo "2401"]
[PlyCount "74"]
[EventDate "2015.06.14"]
[EventType "team"]
[EventRounds "9"]
[EventCountry "AUT"]
[WhiteTeam "Slovakia"]
[BlackTeam "Croatia"]
[WhiteTeamCountry "SVK"]
[BlackTeamCountry "CRO"]

1. d4 Nf6 2. c4 e6 3. g3 c5 4. d5 exd5 5. cxd5 d6 6. Nc3 g6 7. Bg2 Bg7 8. Nf3
O-O 9. O-O a6 10. a4 Re8 11. Bf4 h6 12. Qc1 Kh7 13. Nd2 g5 14. Be3 Nbd7 15. Nc4
Nb6 16. Nxb6 Qxb6 17. Qc2+ Kg8 18. Bd2 Ng4 19. e4 Ne5 20. a5 Qd8 21. Nd1 g4 22.
Bc3 Bd7 23. Ne3 Qg5 24. Rfe1 Re7 25. Qb3 Rae8 26. Qxb7 Bc8 27. Qb6 Nf3+ 28.
Bxf3 Bxc3 29. bxc3 gxf3 30. Qxd6 Rxe4 31. Rab1 Qf5 32. Rb2 Qh3 33. Rf1 R8e5 34.
Rd1 Rh5 35. g4 Rxg4+ 36. Kh1 Rg2 37. Nf1 Rxh2+ 0-1